Toy Story - Characters by Picture - Statistics

General Stats
  • This quiz has been taken 314 times
  • The average score is 36 of 120
Answer Stats
Picture Answer % Correct
Buzz Lightyear
98%
Sheriff Woody Pride
98%
Bo Peep
85%
Rex
81%
Slinky Dog
81%
Mr. Potato Head
78%
Hamm
72%
Andy Davis
70%
Barbie
67%
Ken
67%
Jessie
66%
Sid Phillips
65%
Mrs. Potato Head
63%
Emperor Zurg
60%
Lots-O'-Huggin' Bear
60%
Bullseye
58%
RC
57%
Aliens / Little Green Men
54%
Stinky Pete
54%
Bonnie Anderson
53%
Forky
53%
Al McWhiggin
51%
Molly Davis
51%
Sarge
51%
Etch
47%
Buster
45%
Mr. Shark
45%
Wheezy
45%
Big Baby
43%
Trixie
42%
Billy / Goat / Gruff
41%
Mrs. Davis
40%
Troll Doll
40%
Dolly
38%
Chuckles the Clown
36%
Mr. Spell
36%
Emperor Zurg
35%
Barrel of Monkeys
34%
Buzz Lightyear
34%
Duke Caboom
34%
Gabby Gabby
34%
Hannah Phillips
34%
Lenny
34%
Emily
33%
Mr. Pricklepants
33%
Bookworm
32%
Buttercup
32%
Mrs. Anderson
32%
Snake
32%
Legs
28%
Robot
28%
Scud
28%
Bunny
27%
Ducky
27%
Peas-in-a-Pod
26%
Rocky Gibraltar
26%
Stretch
26%
Mr. Mike
25%
Combat Carl
24%
Totoro
23%
Babyface
22%
Rock 'Em Sock 'Em Robots
22%
Twitch
22%
Ducky
21%
Chunk
20%
Geri / The Cleaner
20%
Mr. Anderson
20%
Giggle McDimples
18%
Sparks
18%
Sox
17%
Chatter Telephone
16%
Troikas
16%
Roller Bob
15%
T-Bone
15%
Chuck E. Duck
14%
Harmony
14%
Jingle Joe
14%
Lizard Wizard
14%
Rockmobile
14%
Ronald 'Ron' Tompkins
14%
Gary Grappling Hook
13%
Ghost Burger
13%
Pizza Bot
13%
Pump Boy
13%
Queen Neptuna
13%
Pez Cat
12%
Reptillus Maximus
12%
Angel Kitty
11%
DJ Blu-Jay
11%
Izzy Hawthorne
11%
Karen Beverly
11%
Mason
11%
Pocketeer
11%
Recycle Ben
11%
Rejean
11%
Captain Suds
10%
Dragon
10%
Funky Monk
10%
Roxy Boxy
10%
Super Pirate
10%
Tae-Kwon Doe
10%
The Dummies
10%
Transitron
10%
Beef Stewardess
9%
Bozu the Ninja Clown
9%
Condorman
9%
Cuddles
9%
Darby Steel
9%
Drips the Whale
9%
Franklin
9%
Helga Von Bubble Bath
9%
Koala Kopter
9%
Mo Morrison
9%
Nervous Sys-Tim
9%
The Cleric
9%
Vlad the Engineer
9%
Alisha Hawthorne
8%
Babs
7%
Margaret
7%
Ray-Gon
7%
No matching quizzes found
Score Distribution
Percent of People with Each Score
Percentile by Number Answered
Your Score History
You have not taken this quiz